Southville International School and Colleges
Your cart is empty.
  • Cart
  • Lists
    Public lists Eva Luna New books Lux_list list_1
    Your lists Log in to create your own lists
  • Log in to your account
  • Your cookies
  • Search history
Southville International School and Colleges
  • Advanced search
  • Recent comments
  • Most popular
  • Libraries

Log in to your account

Log in with GOOGLE


If you do not have an external account, but do have a local account, you can still log in:

  1. Home
  2. MARC view: Making online teaching accessible :
Normal view MARC view ISBD view

Making online teaching accessible : (Record no. 24693)

[ view plain ]
MARC details
000 -LEADER
fixed length control field 01605nam a2200265 a 4500
005 - DATE AND TIME OF LATEST TRANSACTION
control field 20140310183534.0
008 - FIXED-LENGTH DATA ELEMENTS--GENERAL INFORMATION
fixed length control field 111013s19uu xx 00 eng d
010 ## - LIBRARY OF CONGRESS CONTROL NUMBER
LC control number 2010026647
020 ## - INTERNATIONAL STANDARD BOOK NUMBER
International Standard Book Number 9780470499047
050 ## - LIBRARY OF CONGRESS CALL NUMBER
Classification number LC 4024
Item number .C66 2010
100 ## - MAIN ENTRY--PERSONAL NAME
Personal name Coombs, Norman, 1932-
245 ## - TITLE STATEMENT
Title Making online teaching accessible :
Remainder of title inclusive course design for students with disabilities /
Statement of responsibility, etc Norman Coombs.
250 ## - EDITION STATEMENT
Edition statement 1st ed.
260 ## - PUBLICATION, DISTRIBUTION, ETC. (IMPRINT)
Place of publication, distribution, etc San Francisco :
Name of publisher, distributor, etc Jossey-Bass,
Date of publication, distribution, etc 2010.
300 ## - PHYSICAL DESCRIPTION
Extent xv, 169 p. :
Other physical details ill. ;
Dimensions 24 cm.
440 ## - SERIES STATEMENT/ADDED ENTRY--TITLE
Title Jossey-Bass guides to online teaching and learning
500 ## - GENERAL NOTE
General note Includes bibliographical references and index.
520 ## - SUMMARY, ETC.
Summary, etc "As educational institutions rapidly expand into online and hybrid formats, designing with accessibility in mind becomes essential. This book helps online teachers, instructional designers, and content developers avoid inadvertently creating barriers for students with disabilities and comply with government-mandated ADA standards. Grounded in the theories of learner-centered teaching and successful course design, the book explains how to design course content and delivery to be both attractive and accessible to all students, creating better conditions for student learning, success, and satisfaction, and better preparing students to compete in the competitive workplace."-- Provided by publisher.
521 ## - TARGET AUDIENCE NOTE
Target audience note
650 ## - SUBJECT ADDED ENTRY--TOPICAL TERM
Topical term or geographic name as entry element Students with disabilities
General subdivision Computer-assisted instruction
650 ## - SUBJECT ADDED ENTRY--TOPICAL TERM
Topical term or geographic name as entry element Computers and people with disabilities
650 ## - SUBJECT ADDED ENTRY--TOPICAL TERM
Topical term or geographic name as entry element Inclusive education
942 ## - ADDED ENTRY ELEMENTS (KOHA)
Koha item type Books
Source of classification or shelving scheme Library of Congress Classification
Call number prefix Foreign
Holdings
Withdrawn status Lost status Source of classification or shelving scheme Damaged status Home library Current library Shelving location Date acquired Source of acquisition Total Checkouts Full call number Barcode Date last seen Date checked out Copy number Price effective from Koha item type
    Library of Congress Classification   College Library College Library General Circulation Section 01/15/2014 Donation 1 LC 4024 .C66 2010 C13088 03/03/2020 02/18/2020 1 01/15/2014 Books

Making online teaching accessible :

APA

Coombs N. 1., . (2010). Making online teaching accessible. San Francisco: Jossey-Bass.

Chicago

Coombs Norman 1932, . 2010. Making online teaching accessible. San Francisco: Jossey-Bass.

Harvard

Coombs N. 1., . (2010). Making online teaching accessible. San Francisco: Jossey-Bass.

MLA

Coombs Norman 1932, . Making online teaching accessible. San Francisco: Jossey-Bass. 2010.

  • Place hold
  • Print
  • Cite
  • Add to your cart (remove)
  • Save record
    BIBTEX Dublin Core MARCXML MARC (non-Unicode/MARC-8) MARC (Unicode/UTF-8) MARC (Unicode/UTF-8, Standard) MODS (XML) RIS
  • More searches
    Search for this title in:
    Other Libraries (WorldCat) Other Databases (Google Scholar) Online Stores (Bookfinder.com) Open Library (openlibrary.org)

Exporting to Dublin Core...

SOUTHVILLE LIBRARY

Southville International School and Colleges Library

1281 Tropical Ave. Cor. Luxembourg St., BF Homes International, Las Pinas City

Tel. No. 8256374 / 252358 Loc. 117/146

Powered by Koha